000 00299nam a2200109Ia 4500
008 230907s9999||||xx |||||||||||||| ||und||
082 _a6.3
_bSIN
245 2 _aA classical approach to artificial intelligence /
260 _aRandom Publications,
_bNew Delhi :
_c2018
300 _a277 p.
942 _cBK
999 _c601272
_d601272